| 000 | 00818nas a2200265 4500 | ||
|---|---|---|---|
| 001 | BR9902832 | ||
| 003 | BR-BrBNA | ||
| 005 | 20231205101436.0 | ||
| 007 | ta | ||
| 008 | 230509b bl.|||p| |||| 00| 00por d | ||
| 040 |
_aBR-BrBNA _bpor _cBiblioteca Nacional de Agricultura |
||
| 041 | _a(Pt) | ||
| 072 | _aF60 | ||
| 100 | 1 | _aCarlesso, R. | |
| 100 | 1 | _aSantos, R.F. | |
| 245 | 1 | _aCrescimento de plantas de milho submetidas a deficit hidrico em solos de diferentes texturas | |
| 650 | _aMilho | ||
| 650 | _aTextura do Solo | ||
| 650 | _aArea Foliar | ||
| 650 | _aManejo de Agua | ||
| 650 | _aDeficiencia Hidrica | ||
| 773 | 0 |
_tRevista Brasileira de Ciencia do Solo (Brazil) _xISSN 0100-0683 _g(Jan-Mar 1999), v. 23(1) p. 27-33 _wBR9902832 |
|
| 909 |
_a202311 _bLúcia _c55 _dLúcia Elande |
||
| 942 |
_2AGRIS _n0 _cANA |
||
| 999 |
_c161877 _d161877 |
||